Statistiques concernant Pays accueillant les 100 plus grands ports du monde

Cliquez ici pour prendre le quiz!

Statistiques générales

  • Ce quiz a été pris 130 fois
  • Le résultat moyen est 25 sur 31

Statistiques - réponses

PaysContinentNombre de ports% Correct
ChineAsie19
100%
FranceEurope3
100%
États UnisAmérique12
99%
JaponAsie7
99%
AustralieOcéanie6
97%
BrésilAmérique4
97%
Royaume UniEurope2
97%
RussieEurope - Asie4
96%
EspagneEurope3
95%
CanadaAmérique1
92%
IndeAsie6
92%
Corée du SudAsie6
91%
ItalieEurope1
91%
Pays BasEurope2
91%
AllemagneEurope2
90%
MexiqueAmérique1
87%
Afrique du SudAfrique2
85%
TurquieAsie2
82%
ThaïlandeAsie1
79%
VietnamAsie1
77%
BelgiqueEurope1
75%
Arabie SaouditeAsie3
72%
TaïwanAsie2
71%
SingapourAsie1
69%
MalaisieAsie2
65%
PhilippinesAsie1
64%
IranAsie1
59%
Émirats Arabes UnisAsie1
56%
BangladeshAsie1
47%
Sri LankaAsie1
41%
RoumanieEurope1
30%

Distribution des résultats

Percentile par nombre de réponses

% des personnes avec chaque résultat

Votre développement - résultats

Vous n’avez pas pris ce quiz